000 00336nam a22001457a 4500
003 OSt
008 250503b |||||||| |||| 00| 0 eng d
100 _aLAAJPATRAI,Laala
245 _aPandit Gurudatt Vidyarthi
250 _a21th
260 _aNew Delhi
_bArya Prakashan
_c2021
300 _a200
650 _aGeneral
942 _2ddc
_cBK
999 _c13504
_d13504